|
|
|
|
| LEADER |
01128nam a2200289 a 4500 |
| 001 |
3855 |
| 003 |
BD-DhAAL |
| 005 |
20150521103327.0 |
| 008 |
150521s1994 ilu b 001 0 eng |
| 010 |
|
|
|a 92061959
|
| 020 |
|
|
|a 0875813712
|
| 040 |
|
|
|a DLC
|c DLC
|d BD-DhAAL
|
| 050 |
0 |
0 |
|a HM291
|b .T42 1994
|
| 082 |
0 |
0 |
|a 302.5/42
|2 20
|
| 245 |
0 |
0 |
|a Theories of deviance /
|c edited by Stuart H. Traub and Craig B. Little.
|
| 250 |
|
|
|a 4th ed.
|
| 260 |
|
|
|a Itasca, Ill. :
|b F.E. Peacock Publishers,
|c c1994.
|
| 300 |
|
|
|a x, 618 p. ;
|c 23 cm.
|
| 504 |
|
|
|a Includes bibliographies and indexes.
|
| 541 |
|
|
|e 3855
|
| 650 |
|
0 |
|a Deviant behavior.
|9 11236
|
| 700 |
1 |
|
|a Traub, Stuart H.
|9 11237
|
| 700 |
1 |
|
|a Little, Craig B.
|9 10353
|
| 942 |
|
|
|2 ddc
|c BK
|
| 999 |
|
|
|c 34468
|d 34468
|
| 952 |
|
|
|0 0
|1 0
|2 ddc
|4 0
|6 302_542000000000000_THE
|7 0
|9 53805
|a SCL
|b SCL
|c GEN
|d 2015-05-21
|e Gift: The Asia Foundation
|l 0
|o 302.542 THE
|p 3020003855
|r 2015-05-21
|t 1
|w 2015-05-21
|y BK
|
| 952 |
|
|
|0 0
|1 0
|2 ddc
|4 0
|6 302_542000000000000_THE
|7 0
|9 54366
|a SCL
|b SCL
|c GEN
|d 2015-06-17
|e Gift: The Asia Foundation
|l 2
|m 2
|o 302.542 THE
|p 3020003854
|r 2025-08-04
|s 2025-07-04
|t 2
|w 2015-06-17
|y BK
|